Funeral in Berlin/ (Record no. 10875)
[ view plain ]
| 000 -LEADER | |
|---|---|
| fixed length control field | 00624cam a2200229u 4500 |
| 001 - CONTROL NUMBER | |
| control field | 7523891 |
| 005 - DATE AND TIME OF LATEST TRANSACTION | |
| control field | 20201124142641.0 |
| 008 - FIXED-LENGTH DATA ELEMENTS--GENERAL INFORMATION | |
| fixed length control field | 830111t19651964nyu 000 0 eng |
| 010 ## - LIBRARY OF CONGRESS CONTROL NUMBER | |
| LC control number | 65010849 |
| 020 ## - INTERNATIONAL STANDARD BOOK NUMBER | |
| International Standard Book Number | 0586045805 |
| 040 ## - CATALOGING SOURCE | |
| Original cataloging agency | DLC |
| Transcribing agency | CarP |
| Modifying agency | DLC |
| 043 ## - GEOGRAPHIC AREA CODE | |
| Geographic area code | e-gw--- |
| 050 00 - LIBRARY OF CONGRESS CALL NUMBER | |
| Classification number | PZ4.D324 |
| Item number | Fu |
| Classification number | PR6054.E37 |
| 082 ## - DEWEY DECIMAL CLASSIFICATION NUMBER | |
| Classification number | 823.91 |
| Item number | DEI |
| 100 1# - MAIN ENTRY--PERSONAL NAME | |
| Personal name | Deighton, Len, |
| Dates associated with a name | 1929- |
| 245 10 - TITLE STATEMENT | |
| Title | Funeral in Berlin/ |
| Statement of responsibility, etc | Len Deighton |
| 250 ## - EDITION STATEMENT | |
| Edition statement | [1st American ed.] |
| 260 ## - PUBLICATION, DISTRIBUTION, ETC. (IMPRINT) | |
| Place of publication, distribution, etc | London: |
| Name of publisher, distributor, etc | HarperCollins, |
| Date of publication, distribution, etc | 1964 |
| 300 ## - PHYSICAL DESCRIPTION | |
| Extent | 390 p.; |
| Dimensions | 21 cm. |
| 651 #0 - SUBJECT ADDED ENTRY--GEOGRAPHIC NAME | |
| Geographic name | Berlin (Germany) |
| General subdivision | History |
| Chronological subdivision | 1945-1990 |
| Form subdivision | Fiction. |
| 942 ## - ADDED ENTRY ELEMENTS (KOHA) | |
| Source of classification or shelving scheme | Dewey Decimal Classification |
| Item type | Book - Borrowing |
| Withdrawn status | Item status | Source of classification or shelving scheme | Damaged status | Not for loan | Vendor | Home library | Current library | Shelving location | Date acquired | Source of acquisition | Cost, normal purchase price | Serial Enumeration / chronology | Total Checkouts | Total Renewals | Full call number | Barcode | Checked out | Date last seen | Date last borrowed | Koha item type |
|---|---|---|---|---|---|---|---|---|---|---|---|---|---|---|---|---|---|---|---|---|
| Dewey Decimal Classification | Alahram | Central Library | Central Library | Second Floor | 18/02/2009 | 75.50 | 6454 | 8 | 8 | 823.91 DEI | 000014879 | 04/05/2021 | 04/04/2021 | 04/04/2021 | Book - Borrowing |